00687nam a2200241 a 4500001001300000003000900013005001700022008004100039020002500080082001300105100001900118245003000137260004600167300000900213500003500222505001000257650001500267700001900282902000800301942000700309952011400316999001500430nice12345678IN_TiNIC20260116013115.0050524s1988 newa grp 000 0 eng  a0671860 c461.200a133bWEI aWeiss, Brian L aMany Lives, Many Masters. aNew York bWashington Square Press c1988 a219p aincludes index and biblioraphy2 aIndex aParanormal1 aWeiss, Brian L bSRS cBK 001040708StackRoom-aHMIbHMId2007-03-15g461.20l0o133 WEIp019706r2007-03-15v461.20w2005-05-24yBK c9676d9676